chik and his friends / (رقم التسجيلة. 45489)

تفاصيل مارك
000 -LEADER
fixed length control field 00427nam a22001697a 4500
005 - DATE AND TIME OF LATEST TRANSACTION
control field 20251108170635.0
008 - FIXED-LENGTH DATA ELEMENTS--GENERAL INFORMATION
fixed length control field 250721s1985 xx 000 0 eng d
082 14 - DEWEY DECIMAL CLASSIFICATION NUMBER
Classification number f/faz
100 1# - MAIN ENTRY--PERSONAL NAME
Personal name fazil, iskander
245 10 - TITLE STATEMENT
Title chik and his friends /
264 1# - PRODUCTION, PUBLICATION, DISTRIBUTION, MANUFACTURE, AND COPYRIGHT NOTICE
Place of production, publication, distribution, manufacture moscow :
Name of producer, publisher, distributor, manufacturer raduge publishers,
Date of production, publication, distribution, manufacture, or copyright notice 1985.
300 ## - PHYSICAL DESCRIPTION
Extent 197p.
650 17 - SUBJECT ADDED ENTRY--TOPICAL TERM
Topical term or geographic name as entry element english fiction
700 1# - ADDED ENTRY--PERSONAL NAME
Personal name butler, j.c.
Relator term translated by
942 ## - ADDED ENTRY ELEMENTS (KOHA)
Source of classification or shelving scheme Dewey Decimal Classification
Koha item type كتب
المقتنيات
حالة السحب حالة الفقدان مصدر التصنيف حالة التلف غير قابل للإعارة المكتبة الرئيسية المكتبة الحالية موقع الرف تاريخ التزويد الرقم المتسلسل Total Checkouts رقم الإستدعاء الباركود تاريخ آخر ظهور تاريخ الفاتورة نوع المادة (كوها)
    Dewey Decimal Classification     المكتبة المركزية المكتبة المركزية الإعارة 06/07/2004 48721   f/faz 48721 28/07/2025 06/07/2004 كتب
Implemented & Customized by: BBB with SCIT (Smart Chains for Information Technology)

Powered by Koha